LDR 00907naa#a2200205#i#450# 001 RU\\bibl\103383 005 20260416112249.4 011 ## _a2308-4057 100 ## _a20260325b2026####ek#y0rusy0150####ca 101 0# _aENG 102 ## _aRU 200 1# _aSynergistic anti-glycation and antioxidant interaction among different mushroom extract combinations _eЖурнальная статья 210 1# _aКемерово _cКемеровский государственный университет _d2026 215 ## _a20 с. 608 ## _aЖурнальная статья _2local 675 ## _aХимическая технология. Химическая промышленность. Пищевая промышленность. Металлургия. Родственные отрасли. 66 _zENG 700 #1 _aTan _gKimberly Weng Kuan 700 #1 _aYong _gPhaik Har 700 #1 _aNg _gZhi Xiang 856 4# _azh-szf.ru _u